MDQL
is popping MORE tags! Check the
thread
!
Quizzes
Events
Quiz Creation
Community
Videos
Private Events
Remove Ads
Sign In
Join for FREE
Feedback
Dark Mode
Quiz Categories
Sports
Geography
Music
Movies
Television
Just For Fun
Miscellaneous
History
Literature
Language
Science
Gaming
Entertainment
Religion
Holiday
For Kids
Quiz Lab
Recent
Popular Today
Quiz Kudos Today
Editor Picks
Curator Picks
Quizzes by...
Day
Popularity
Type
Ratings
Length
Year
Community
Subscriptions
Recent Discussions
Orange Saloon
Badges
Playlists
Quests
Create
Leaderboards
Showdown
Live 5
Trivia Bingo
Activity
Puzzle Library
Sporcle Events
Private Events
Virtual Trivia
Globe League
Become a Host
Pub Owners
SporcleCon
Opinionation
Our Games
Videos
Blog
Mobile Apps
Partnerships
Remove Ads and Go Orange
Feedback
Language
Vocabulary
Begins and Ends
Definition
Spanish
French
German
Italian
Chinese
Latin
Translation
Japanese
Language
Vocabulary
Begins and Ends
Definition
Spanish
French
German
Italian
Chinese
Latin
Translation
Japanese
Random Quiz
Search Sporcle
×
Quiz Lab
Quiz Lab
Language
War
Type in answers that appear in a list
Type in answers that appear in a list
Classic
Best Score? Go Orange.
AS Vocab 9 Stats
Can you name the AS Vocab 9 (War Part II)?
By
EJC
10m
30 Questions
36 Plays
36 Plays
36 Plays
Comments
Comments
Give Quiz Kudos
Give Quiz Kudos
-
- Ratings
hide this ad
Forced Order
Answers have to be entered in order
Answers have to be entered in order
Random Order
Randomize order of answers
Randomize order of answers
Replay
Link that replays current quiz
Next Quiz
Link to next quiz in quiz playlist
You Got
0%
They Got
Avg Score
70%
Avg Friend Score
Upgrade to see
Score Distribution
Jump to the score distribution portion of the page
Score
0/30
Timer
10:00
0
Plays Today
Latin
English
% Correct
pedem me refero, referre, rettuli, relatus
retreat
94.4%
occido, occidere, occidi, occisus
kill
91.7%
spolium, spolii, n
booty
88.9%
vulnus, vulneris, n
wound
88.9%
inspicio, inspicere, inspexi, inspectus
look at
86.1%
occupo, occupare, occupavi, occupatus
seize
86.1%
oppugno, oppugnare, oppugnavi, oppugnatus
attack
86.1%
pello, pellere, pepuli, pulsus
push
86.1%
pugna, pugnae, f
fight
86.1%
virtus, virtutis, f
courage
86.1%
interficio, interficere, interfeci, interfectus
kill
83.3%
supero, superare, superavi, superatus
overcome
83.3%
parco, parcere, peperci + dat
spare
80.6%
vis, pl vires, f
force
80.6%
instruo, instruere, instruxi, instructus
draw up
66.7%
Latin
English
% Correct
tergum, tergi, n
back
66.7%
laedo, laedere, laesi, laesus
hurt
63.9%
signa infero, inferre, intuli, illatus or inlatus
attack
61.1%
infero, inferre, intuli, illatus or inlatus
inflict
58.3%
inopia, inopiae, f
shortage
58.3%
(ops), opis, f
help
58.3%
obsideo, obsidere, obsedi, obsessus
besiege
55.6%
tumultus, tumultus, m
uproar
55.6%
munio, munire, munivi, munitus
fortify
52.8%
praeficio, praeficere, praefeci, praefectus
put in charge of
52.8%
insidiae, insidiarum, f pl
ambush
50%
minor, minari, minatus sum + dat
threaten
50%
munus, muneris, n
service
50%
telum, teli, n
weapon
50%
solvo, solvere, solvi, solutus
loose
47.2%
Quiz Playlist
Details
Report
Send in Message
Add To Playlist
Classic:
Type in answers that appear in a list
Forced Order:
Answers have to be entered in order
Random Order:
Randomize order of answers
Last Updated: Feb 16, 2017
Quiz Scoreboard
CHALLENGE
Sign Up to Join the Scoreboard
Show All
Scores
Hide
Comments
May contain spoilers
Recently Published
Find the 'City' Movie
by crazypaving
Movies
60s
5x2 Blitz: Bands
by SL_Kpop136
Music
30s
Colored Red Africa Blitz
by spor1
Geography
30s
More to Explore
Quiz From the Vault
Featured Blog Post
14 Easter Pick-up Lines to Find Eggs With
hide this ad
You Might Also Like...
Tags
Latin Quiz
War Quiz
English
Today's Top Quizzes in Language
Browse Language
hide this ad
Today's Top Quizzes in War
Browse War
Top Contributed Quizzes in Language
1
What Word Starts All?
2
Arabic Numerals
3
1-10 Letter F Words III
4
1-10 Letter G Words III
5
1-10 Letter H Words III
6
1-10 Letter I Words III
7
Latihan Huruf Hiragana KA KI KU KE KO
8
Weisst du, aus welchen Sprachen diese Wörter stammen?
9
1-10 Letter J Words III
10
1-10 Letter K Words III
Explore More
Trending Topics
Harry Potter
NBA
Anime
Marvel
Crossword
Kpop
Disney
Country
Puzzle
Soccer
NFL
The Office
WWE
Song
Pokémon
hide this ad
More By:
EJC
Quiz
Plays
Rating
Category
Featured
Created
CLC Checklist 1
381
3.00
Language
Jul 11, 2012
CLC Checklist 2
275
Language
Jul 11, 2012
CLC Checklist 3
246
4.50
Language
Jul 11, 2012
CLC Checklist 4
186
2.00
Language
Aug 1, 2012
CLC Checklist 13
157
Language
Jul 11, 2012
Go to Creator's Profile
Score Distribution
Quiz Creator Spotlight
EJC
Follow
Send a Message
Quizzes Created
-
Created Quiz Play Count
-
More By This Creator
Popular Quizzes Today
1
Colored Red Africa Blitz
2
Find the 'City' Movie
3
Find the US States - No Outlines Minefield
4
5x2 Blitz: Bands
5
The Countries of the World
6
Find the US States
7
US States
8
Find the Countries of Europe - No Outlines Minefield
More Language Quizzes
Little Words That End in TH
Published
Trending Quizzes
Colored Red Europe Blitz I
Colored Red Europe Blitz II
Colored Red Africa Blitz II
Colored Red Europe Blitz III
Colored Red Africa Blitz III
Recently Updated
How Do You Spell That?
pecheneg
Godzilla Movies
pecheneg
Grab Bag: 4-10 Letters
pecheneg
2024 March Madness Bracket
pecheneg
Famous TV Couples
Peacemaker
Champions League XIs: Real Madrid
pecheneg
Largest US Cities 1790-2010
pecheneg
Rides in Walt Disney World
pecheneg
Most Oscar Losses (Acting)
pecheneg
Beyoncé Albums
pecheneg
Trending Topics
Marvel
NBA
Disney
Anime
Harry Potter
Crossword
Kpop
Puzzle
Song
WWE
Soccer
Pokémon
Country
NFL
The Office
Your Account Isn't Verified!
In order to create a playlist on Sporcle, you need to verify the email address you used during registration. Go to your
Sporcle Settings
to finish the process.
Report this User
Report this user for behavior that violates our
Community Guidelines
.
Details:
Send Report
Go to the Sporcle.com Mobile Site →
Comments